[Event "Vega de San Mateo op 2nd"]
[Site "Vega de San Mateo"]
[Date "2024.12.03"]
[Round "5"]
[White "Stefansson, Hannes"]
[Black "Garcia Blanco, Omar"]
[Result "1-0"]
[WhiteElo "2457"]
[BlackElo "2363"]
[PlyCount "63"]
[EventDate "2024.11.30"]
[EventType "swiss"]
[EventRounds "9"]
[EventCountry "ESP"]
[SourceTitle "CB50_2024"]
[SourceDate "2024.11.01"]
[SourceVersion "1"]
[SourceVersionDate "2024.11.01"]
[SourceQuality "2"]

1. e4 c5 2. Nf3 e6 3. d4 cxd4 4. Nxd4 Nc6 5. Nc3 Qc7 6. Be3 a6 7. Qf3 Nf6 8. 0-0-0 Ne5 9. Qg3 b5 10. f4 Neg4 11. Bg1 b4 12. Na4 h5 13. e5 Nd5 14. Nb3 d6 15. h3 Nh6 16. Rxd5 exd5 17. Nb6 Rb8 18. Nxd5 Qc6 19. Ne3 dxe5 20. fxe5 h4 21. Qxh4 Be7 22. Qf4 0-0 23. Bd3 Be6 24. Nd4 Qd7 25. Qe4 g6 26. Nxe6 Qxe6 27. Bc4 Qb6 28. Nd5 Bg5+ 29. Kb1 Qd8 30. h4 Bd2 31. e6 Nf5 32. e7 1-0

[Event "Vega de San Mateo op 2nd"]
[Site "Vega de San Mateo"]
[Date "2024.12.01"]
[Round "3"]
[White "Benedetti, Julio"]
[Black "Garcia Blanco, Omar"]
[Result "1/2-1/2"]
[WhiteElo "2221"]
[BlackElo "2363"]
[PlyCount "94"]
[EventDate "2024.11.30"]
[EventType "swiss"]
[EventRounds "9"]
[EventCountry "ESP"]
[SourceTitle "CB50_2024"]
[SourceDate "2024.11.01"]
[SourceVersion "1"]
[SourceVersionDate "2024.11.01"]
[SourceQuality "2"]

1. e4 e6 2. d3 d5 3. Nd2 c5 4. Ngf3 Nc6 5. g3 Bd6 6. Bg2 Nge7 7. 0-0 0-0 8. Re1 Qc7 9. c3 Bd7 10. Qe2 f6 11. Bh3 d4 12. e5 Bxe5 13. Nxe5 Nxe5 14. f4 Nf7 15. cxd4 cxd4 16. Bxe6 Rae8 17. Bxd7 Qxd7 18. Qf2 Nh6 19. Nb3 Nef5 20. Re4 Qd5 21. Qe2 Nd6 22. Rxe8 Rxe8 23. Qd1 Ng4 24. Nd2 Qh5 25. Nf1 Nf5 26. Bd2 Nfe3 27. Bxe3 dxe3 28. Qe2 Qg6 29. Re1 h5 30. Qc2 h4 31. Re2 hxg3 32. Qc4+ Kh8 33. hxg3 Qh5 34. d4 Nf2 35. Rxe3 Rxe3 36. Nxe3 Qf3 37. Nf1 Ng4 38. Qc8+ Kh7 39. Qc2+ g6 40. Qg2 Qd1 41. Qxb7+ Kh6 42. Qh1+ Kg7 43. Qe4 f5 44. Qe7+ Kh6 45. Qg5+ Kg7 46. Qe7+ Kh6 47. Qb4 Kh7 1/2-1/2

[Event "Vega de San Mateo op 2nd"]
[Site "Vega de San Mateo"]
[Date "2024.11.30"]
[Round "1"]
[White "Fernandez de la Hoz A, Carlos"]
[Black "Garcia Blanco, Omar"]
[Result "0-1"]
[WhiteElo "1715"]
[BlackElo "2363"]
[PlyCount "45"]
[EventDate "2024.11.30"]
[EventType "swiss"]
[EventRounds "9"]
[EventCountry "ESP"]
[SourceTitle "CB50_2024"]
[SourceDate "2024.11.01"]
[SourceVersion "1"]
[SourceVersionDate "2024.11.01"]
[SourceQuality "2"]

1. e4 c5 2. Nf3 e6 3. d4 cxd4 4. Nxd4 Nc6 5. Nc3 Qc7 6. Ndb5 Qb8 7. Be3 a6 8. Nd4 Qc7 9. Qd2 Nf6 10. f3 Ne5 11. Bd3 b5 12. f4 Nc4 13. Bxc4 Qxc4 14. Qd3 Bb7 15. 0-0 Ng4 16. Qxc4 bxc4 17. Bf2 Bc5 18. Rad1 g5 19. h3 Nxf2 20. Kxf2 gxf4 21. Ke2 Rg8 22. Na4 Ba7 23. Rxf4 0-1

[Event "Vecindario rapid op 2nd"]
[Site "Vecindario"]
[Date "2024.11.01"]
[Round "4"]
[White "Garcia Blanco, Omar"]
[Black "Perez Perez, Gabriel"]
[Result "1/2-1/2"]
[WhiteElo "2249"]
[BlackElo "2150"]
[PlyCount "38"]
[EventDate "2024.11.01"]
[EventType "swiss"]
[EventRounds "9"]
[EventCountry "ESP"]
[SourceTitle "CB45_2024"]
[Source "ChessBase"]
[SourceDate "2024.11.06"]
[SourceVersion "1"]
[SourceVersionDate "2024.11.06"]
[SourceQuality "1"]

1. e4 e5 2. Nc3 Nf6 3. f4 d5 4. fxe5 Nxe4 5. Qe2 Qh4+ 6. g3 Nxg3 7. Qf2 d4 8. Nf3 Qg4 9. hxg3 dxc3 10. bxc3 Nc6 11. Be2 Qg6 12. d3 Be7 13. Bf4 Be6 14. Nh4 Bxh4 15. Rxh4 Bf5 16. Bh5 Qe6 17. g4 Bg6 18. Bxg6 fxg6 19. d4 Kd8 1/2-1/2

[Event "Vecindario rapid op 2nd"]
[Site "Vecindario"]
[Date "2024.11.01"]
[Round "5"]
[White "Garcia Padron, Jose"]
[Black "Garcia Blanco, Omar"]
[Result "1/2-1/2"]
[WhiteElo "2261"]
[BlackElo "2249"]
[PlyCount "72"]
[EventDate "2024.11.01"]
[EventType "swiss"]
[EventRounds "9"]
[EventCountry "ESP"]
[SourceTitle "CB45_2024"]
[Source "ChessBase"]
[SourceDate "2024.11.06"]
[SourceVersion "1"]
[SourceVersionDate "2024.11.06"]
[SourceQuality "1"]

1. Nf3 c5 2. b3 d6 3. Bb2 e5 4. e3 e4 5. Bb5+ Bd7 6. Bxd7+ Nxd7 7. Ng1 Qg5 8. Kf1 Ngf6 9. d3 d5 10. c4 0-0-0 11. cxd5 Nxd5 12. dxe4 Nxe3+ 13. fxe3 Ne5 14. Qe2 Ng4 15. Nf3 Nxe3+ 16. Kf2 Ng4+ 17. Ke1 Qh6 18. Nbd2 Bd6 19. Nc4 Bg3+ 20. Kf1 b5 21. Bc1 Bf4 22. Bxf4 Qxf4 23. g3 Qf6 24. Rc1 bxc4 25. Rxc4 Rd2 26. Rxc5+ Kb7 27. Qxd2 Qxf3+ 28. Kg1 Rd8 29. Rd5 Rxd5 30. exd5 Ne3 31. Qb4+ Kc8 32. Qc5+ Kd8 33. Qd6+ Kc8 34. Qc6+ Kd8 35. Qd6+ Kc8 36. Qc6+ Kb8 1/2-1/2

[Event "Vecindario rapid op 2nd"]
[Site "Vecindario"]
[Date "2024.11.01"]
[Round "3"]
[White "Mamani Beltran, Daniel"]
[Black "Garcia Blanco, Omar"]
[Result "0-1"]
[WhiteElo "2050"]
[BlackElo "2249"]
[PlyCount "132"]
[EventDate "2024.11.01"]
[EventType "swiss"]
[EventRounds "9"]
[EventCountry "ESP"]
[SourceTitle "CB45_2024"]
[Source "ChessBase"]
[SourceDate "2024.11.06"]
[SourceVersion "1"]
[SourceVersionDate "2024.11.06"]
[SourceQuality "1"]

1. d4 Nf6 2. c4 g6 3. Nc3 d5 4. Bg5 Bg7 5. Bxf6 Bxf6 6. cxd5 0-0 7. e3 c6 8. Bc4 cxd5 9. Nxd5 Bg7 10. Ne2 Nc6 11. 0-0 e5 12. dxe5 Nxe5 13. Bb3 b6 14. Rc1 Bb7 15. Qd2 Qd6 16. Qb4 Qxb4 17. Nxb4 a5 18. Nd5 a4 19. Ne7+ Kh8 20. Bd5 Bxd5 21. Nxd5 Nd3 22. Rb1 b5 23. Nd4 Bxd4 24. exd4 Rad8 25. Nc3 Rxd4 26. Nxb5 Rb4 27. Nc3 Rc8 28. a3 Rbc4 29. Nd5 Rb8 30. Ne3 Rcc8 31. Rfd1 Rxb2 32. Ra1 Nxf2 33. Rf1 Ne4 34. Rxf7 Rc3 35. Re1 Kg8 36. Rf4 Nc5 37. Nd1 Rb1 38. Rff1 Rcc1 39. Nc3 Rxe1 40. Nxb1 Re3 41. Rc1 Nd3 42. Rd1 Ne5 43. h3 Rb3 44. Kh2 Nc4 45. Rd4 Ne3 46. Nd2 Rxa3 47. Rd8+ Kf7 48. Rd7+ Ke6 49. Rxh7 Ra2 50. Rh4 Rxd2 51. Re4+ Kd5 52. Rxe3 Kc4 53. Rg3 Rd6 54. h4 Ra6 55. Rg4+ Kb3 56. Rg3+ Kb2 57. Rf3 a3 58. Rf2+ Kb3 59. Rf3+ Kc4 60. Rf4+ Kd5 61. Rf1 a2 62. Ra1 Kc4 63. Kh3 Kb3 64. g4 Kb2 65. Rxa2+ Kxa2 66. h5 g5 0-1

[Event "Colonia de Sant Jordi IM 3rd"]
[Site "Colonia de Sant Jordi"]
[Date "2024.10.25"]
[Round "7"]
[White "Garcia Blanco, Omar"]
[Black "Domalchuk Jonasson, Aleksandr"]
[Result "0-1"]
[WhiteElo "2377"]
[BlackElo "2384"]
[PlyCount "82"]
[EventDate "2024.10.19"]
[EventType "tourn"]
[EventRounds "9"]
[EventCountry "ESP"]
[EventCategory "1"]
[SourceTitle "CB44_2024"]
[Source "Chessbase"]
[SourceDate "2024.10.30"]
[SourceVersion "1"]
[SourceVersionDate "2024.10.30"]
[SourceQuality "1"]

1. e4 e5 2. Nf3 Nc6 3. Bc4 Bc5 4. d3 d6 5. c3 Bb6 6. 0-0 h6 7. Bb3 Nge7 8. Nbd2 a5 9. Nc4 Ba7 10. Ne3 0-0 11. d4 Ng6 12. h3 Kh8 13. Nf5 exd4 14. Bxh6 Bxf5 15. Bg5 Qd7 16. exf5 Qxf5 17. Bc2 Qc5 18. h4 dxc3 19. bxc3 Rae8 20. Rb1 Qxc3 21. Bd2 Qc4 22. Ng5 Qe2 23. Rxb7 Bb6 24. Qc1 Nd4 25. Bd1 Qd3 26. Be3 Nxh4 27. Rxc7 Bxc7 28. Qxc7 Ne6 29. Nxf7+ Kg8 30. Qxd6 Qe4 31. Nh6+ gxh6 32. Qg3+ Kh7 33. Bg4 Nf5 34. Bxf5+ Qxf5 35. Rd1 Rd8 36. Rc1 Rg8 37. Qh4 Qg6 38. g3 Rgf8 39. Rc6 Rf6 40. Ra6 Ng5 41. Ra7+ Rf7 0-1

[Event "San Cristobal de La Laguna rapid op"]
[Site "San Cristobal de La Laguna"]
[Date "2024.09.01"]
[Round "9"]
[White "Batista Yanez, Jair"]
[Black "Garcia Blanco, Omar"]
[Result "0-1"]
[WhiteElo "1955"]
[BlackElo "2271"]
[PlyCount "88"]
[EventDate "2024.08.31"]
[EventType "swiss"]
[EventRounds "9"]
[EventCountry "ESP"]
[SourceTitle "EXT 2025"]
[Source "ChessBase"]
[SourceDate "2024.10.14"]
[SourceVersion "1"]
[SourceVersionDate "2024.10.14"]
[SourceQuality "1"]

1. e4 c5 2. Nf3 e6 3. d4 cxd4 4. Nxd4 Nc6 5. Nb5 d6 6. c4 Nf6 7. N1c3 a6 8. Na3 b6 9. Be3 Bb7 10. Be2 Be7 11. Qd2 0-0 12. 0-0 Ne5 13. f3 Qc7 14. Rac1 Rac8 15. Rfd1 Ned7 16. Nc2 Rfe8 17. Nd4 Qb8 18. b4 d5 19. exd5 exd5 20. cxd5 Bxb4 21. Bf4 Qa8 22. d6 Nd5 23. Nf5 Bxc3 24. Rxc3 Nxc3 25. Ne7+ Rxe7 26. dxe7 Nxe2+ 27. Qxe2 Bc6 28. Bc7 Re8 29. Bd8 Qb7 30. Re1 b5 31. h4 h6 32. Qd2 Nf6 33. Qc3 Bd5 34. Qc5 Bxa2 35. Rc1 b4 36. Rc2 b3 37. Rb2 Qd7 38. g3 Qd5 39. Qc3 Qd6 40. Kg2 Nd5 41. Qc8 Ne3+ 42. Kh2 Qd4 43. Qc1 Nc4 44. Bb6 Qxb2+ 0-1

[Event "San Cristobal de La Laguna rapid op"]
[Site "San Cristobal de La Laguna"]
[Date "2024.09.01"]
[Round "7"]
[White "Granda Rodriguez, Jose Manuel"]
[Black "Garcia Blanco, Omar"]
[Result "1/2-1/2"]
[WhiteElo "1897"]
[BlackElo "2271"]
[PlyCount "92"]
[EventDate "2024.08.31"]
[EventType "swiss"]
[EventRounds "9"]
[EventCountry "ESP"]
[SourceTitle "EXT 2025"]
[Source "ChessBase"]
[SourceDate "2024.10.14"]
[SourceVersion "1"]
[SourceVersionDate "2024.10.14"]
[SourceQuality "1"]

1. e4 e6 2. d4 d5 3. Nd2 c5 4. c3 cxd4 5. cxd4 dxe4 6. Nxe4 Nc6 7. Nf3 Bb4+ 8. Bd2 Bxd2+ 9. Qxd2 Nf6 10. Bd3 0-0 11. 0-0 Nd5 12. Bb5 Nce7 13. Ne5 Ng6 14. Rac1 a6 15. Ba4 Qe7 16. a3 Rd8 17. Rfd1 Nb6 18. Nxg6 hxg6 19. Bb3 Nd5 20. Bxd5 exd5 21. Ng5 Bf5 22. Qf4 f6 23. Nf3 Rac8 24. Re1 Qd7 25. h3 Be4 26. Nd2 g5 27. Qg4 Bf5 28. Qg3 Rxc1 29. Rxc1 Rc8 30. Rxc8+ Qxc8 31. Qc3 Qe6 32. Qe3 Qc6 33. Qc3 Qb5 34. Qe3 Kf7 35. b4 a5 36. f4 axb4 37. axb4 gxf4 38. Qxf4 Qd3 39. Nf3 b5 40. g4 Qb1+ 41. Kh2 Be4 42. Ng5+ Kg6 43. Nxe4 dxe4 44. Qf5+ Kf7 45. Qd7+ Kg8 46. Qe8+ Kh7 1/2-1/2

[Event "San Cristobal de La Laguna rapid op"]
[Site "San Cristobal de La Laguna"]
[Date "2024.08.31"]
[Round "5"]
[White "Bolivar Castro, Alejandro"]
[Black "Garcia Blanco, Omar"]
[Result "1-0"]
[WhiteElo "1862"]
[BlackElo "2271"]
[PlyCount "74"]
[EventDate "2024.08.31"]
[EventType "swiss"]
[EventRounds "9"]
[EventCountry "ESP"]
[SourceTitle "EXT 2025"]
[Source "ChessBase"]
[SourceDate "2024.10.14"]
[SourceVersion "1"]
[SourceVersionDate "2024.10.14"]
[SourceQuality "1"]

1. d4 f5 2. Bf4 Nf6 3. e3 d6 4. c4 g6 5. h4 Bg7 6. h5 Nxh5 7. Rxh5 gxh5 8. Qxh5+ Kf8 9. Nf3 Qe8 10. Qh2 Nc6 11. Nc3 e5 12. dxe5 dxe5 13. Bh6 Qg6 14. Bxg7+ Qxg7 15. 0-0-0 Be6 16. Qh4 h6 17. Be2 e4 18. Ng1 Qe7 19. Qh2 Rd8 20. Rf1 Nb4 21. Qe5 Rh7 22. Nh3 Qd6 23. Qf6+ Bf7 24. Qxf5 Qd2+ 25. Kb1 Qc2+ 26. Ka1 Rd2 27. Qc5+ Kg7 28. Qxb4 Rxe2 29. Nxe2 Qxe2 30. Rc1 Rh8 31. Qc3+ Kh7 32. Qf6 Rf8 33. Nf4 Qd2 34. Rh1 Bh5 35. Qxf8 Qxf2 36. Qe7+ Kg8 37. Nxh5 Qf5 1-0

[Event "San Cristobal de La Laguna rapid op"]
[Site "San Cristobal de La Laguna"]
[Date "2024.08.31"]
[Round "3"]
[White "Diaz Reyes, Killian"]
[Black "Garcia Blanco, Omar"]
[Result "0-1"]
[WhiteElo "1981"]
[BlackElo "2271"]
[PlyCount "68"]
[EventDate "2024.08.31"]
[EventType "swiss"]
[EventRounds "9"]
[EventCountry "ESP"]
[SourceTitle "EXT 2025"]
[Source "ChessBase"]
[SourceDate "2024.10.14"]
[SourceVersion "1"]
[SourceVersionDate "2024.10.14"]
[SourceQuality "1"]

1. e4 c5 2. Nf3 e6 3. d4 cxd4 4. Nxd4 Nc6 5. Nc3 Qc7 6. Be3 a6 7. Be2 Nf6 8. 0-0 Be7 9. a4 0-0 10. f4 d6 11. Nb3 b6 12. Bf3 Bb7 13. Qe1 Nd7 14. Rd1 Rac8 15. g4 Nc5 16. Nxc5 bxc5 17. Rd2 Nd4 18. Bg2 Rfd8 19. f5 Bf6 20. Bf4 Be5 21. Bxe5 dxe5 22. f6 Rd7 23. Rd3 Nxc2 24. Rxd7 Qxd7 25. Qc1 Qd4+ 26. Kh1 Ne3 27. Rf3 Nxg4 28. Qg5 Nxf6 29. Rxf6 Qd8 30. Nd5 Bxd5 31. exd5 Qxf6 32. Qg4 Qf4 33. Qd1 Rd8 34. d6 Qd4 0-1

[Event "San Cristobal de La Laguna op-A 6th"]
[Site "San Cristobal de La Laguna"]
[Date "2024.08.31"]
[Round "9"]
[White "Garcia Blanco, Omar"]
[Black "Stella, Andrea"]
[Result "1/2-1/2"]
[WhiteElo "2361"]
[BlackElo "2397"]
[PlyCount "63"]
[EventDate "2024.08.24"]
[EventType "swiss"]
[EventRounds "9"]
[EventCountry "ESP"]
[SourceTitle "CBM 221 Extra"]
[Source "ChessBase"]
[SourceDate "2024.09.30"]
[SourceVersion "1"]
[SourceVersionDate "2024.09.30"]
[SourceQuality "1"]

1. e4 e6 2. d4 d5 3. Nc3 Nf6 4. e5 Nfd7 5. f4 c5 6. Nf3 Nc6 7. Be3 cxd4 8. Nxd4 Qb6 9. Qd2 Qxb2 10. Rb1 Qa3 11. Bb5 Nxd4 12. Bxd4 a6 13. Bxd7+ Bxd7 14. Rb3 Qe7 15. Rxb7 Qh4+ 16. Qf2 Qxf2+ 17. Kxf2 Be7 18. Rhb1 Bd8 19. Rb8 Rxb8 20. Rxb8 0-0 21. Rb7 Bc6 22. Ra7 Ba5 23. Rxa6 Bxc3 24. Bxc3 Rc8 25. Bd2 d4 26. Ra3 Bd5 27. c3 dxc3 28. Rxc3 Rxc3 29. Bxc3 Bxa2 30. g3 h5 31. h4 Kh7 32. Bb4 1/2-1/2

[Event "San Cristobal de La Laguna op-A 6th"]
[Site "San Cristobal de La Laguna"]
[Date "2024.08.29"]
[Round "7"]
[White "Garcia Blanco, Omar"]
[Black "Li, Xueyi"]
[Result "1/2-1/2"]
[WhiteElo "2361"]
[BlackElo "2213"]
[PlyCount "90"]
[EventDate "2024.08.24"]
[EventType "swiss"]
[EventRounds "9"]
[EventCountry "ESP"]
[SourceTitle "CBM 221 Extra"]
[Source "ChessBase"]
[SourceDate "2024.09.30"]
[SourceVersion "1"]
[SourceVersionDate "2024.09.30"]
[SourceQuality "1"]

1. e4 c6 2. d4 d5 3. e5 Bf5 4. h4 h5 5. Bd3 Bxd3 6. Qxd3 Qa5+ 7. Nd2 e6 8. Ne2 c5 9. c3 Qa6 10. c4 Nc6 11. 0-0 Rd8 12. b3 cxd4 13. Nf3 Nge7 14. Bg5 Rd7 15. Nf4 dxc4 16. bxc4 Nf5 17. Rfb1 Bb4 18. Rb3 Bc3 19. Rab1 Na5 20. Rb5 Qc6 21. Ne2 0-0 22. Nxc3 dxc3 23. Qxc3 Nxc4 24. Qb3 Nd4 25. Nxd4 Rxd4 26. Qc3 Rd7 27. Bf6 Nd2 28. Qg3 g6 29. Qe3 Kh7 30. Rc5 Qe4 31. Re1 Qxe3 32. Rxe3 b6 33. Rc2 b5 34. Rc5 a6 35. f3 Nc4 36. Re1 Nb6 37. Rc6 Nd5 38. Rxa6 Nxf6 39. exf6 Rd5 40. Ra7 Kg8 41. Rb1 Rc8 42. Rb2 Rf5 43. Rb7 Rcc5 44. Kf2 g5 45. hxg5 Rxg5 1/2-1/2

[Event "San Cristobal de La Laguna op-A 6th"]
[Site "San Cristobal de La Laguna"]
[Date "2024.08.26"]
[Round "4"]
[White "Ambartsumova, Karina"]
[Black "Garcia Blanco, Omar"]
[Result "1-0"]
[WhiteElo "2404"]
[BlackElo "2361"]
[PlyCount "133"]
[EventDate "2024.08.24"]
[EventType "swiss"]
[EventRounds "9"]
[EventCountry "ESP"]
[SourceTitle "CBM 221 Extra"]
[Source "ChessBase"]
[SourceDate "2024.09.30"]
[SourceVersion "1"]
[SourceVersionDate "2024.09.30"]
[SourceQuality "1"]

1. d4 Nf6 2. Nf3 g6 3. c4 Bg7 4. Nc3 d5 5. h4 dxc4 6. e4 c5 7. d5 b5 8. h5 Nxh5 9. Nxb5 0-0 10. Bxc4 Nd7 11. Be2 Ndf6 12. Nc3 Qc7 13. Bd2 Rb8 14. Qc2 Ng4 15. 0-0 Nf4 16. Bc4 Bd4 17. Bxf4 Qxf4 18. Ne2 Qf6 19. Nexd4 cxd4 20. Qd2 e5 21. dxe6 Bxe6 22. Bxe6 fxe6 23. Qxd4 Qxd4 24. Nxd4 Rxb2 25. f3 e5 26. Nc6 Rc2 27. Rac1 Ne3 28. Rxc2 Nxc2 29. Nxe5 Rb8 30. Rd1 a5 31. Rd7 Rb2 32. Ng4 h5 33. Nf6+ Kf8 34. e5 Rb6 35. Ra7 Rb1+ 36. Kh2 Nd4 37. Rxa5 Rb2 38. Kh3 Kf7 39. Ne4 Ke6 40. Ra6+ Kxe5 41. Rxg6 Rxa2 42. Rh6 Ra3 43. Rxh5+ Ke6 44. Kg4 Ra2 45. g3 Nc2 46. f4 Ne3+ 47. Kf3 Nc4 48. Rh6+ Ke7 49. f5 Ra4 50. Re6+ Kf8 51. Kf4 Ra1 52. g4 Rg1 53. Nd6 Nb6 54. Kg5 Nd5 55. f6 Nxf6 56. Rxf6+ Kg7 57. Rf7+ Kg8 58. Ra7 Rb1 59. Kg6 Kf8 60. Ra8+ Ke7 61. Nf5+ Ke6 62. Re8+ Kd7 63. Re7+ Kd8 64. Kf6 Rf1 65. Re2 Ra1 66. g5 Ra6+ 67. Re6 1-0

[Event "San Cristobal de La Laguna op-A 6th"]
[Site "San Cristobal de La Laguna"]
[Date "2024.08.25"]
[Round "2"]
[White "Garcia Blanco, Omar"]
[Black "Gagunashvili, Merab"]
[Result "1/2-1/2"]
[WhiteElo "2361"]
[BlackElo "2563"]
[PlyCount "85"]
[EventDate "2024.08.24"]
[EventType "swiss"]
[EventRounds "9"]
[EventCountry "ESP"]
[SourceTitle "CBM 221 Extra"]
[Source "ChessBase"]
[SourceDate "2024.09.30"]
[SourceVersion "1"]
[SourceVersionDate "2024.09.30"]
[SourceQuality "1"]

1. e4 e5 2. Nf3 Nc6 3. Bc4 Bc5 4. d3 Nf6 5. 0-0 0-0 6. a4 d6 7. c3 a6 8. Nbd2 h6 9. h3 Kh8 10. Re1 Ba7 11. Nf1 Be6 12. Bxe6 fxe6 13. Be3 Nh5 14. d4 exd4 15. cxd4 Nf4 16. N1h2 Qf6 17. h4 e5 18. dxe5 dxe5 19. Bxa7 Rxa7 20. g3 Ne6 21. Ra3 Ned4 22. Kg2 Raa8 23. Ng4 Qf7 24. Nxd4 Nxd4 25. f4 Nc6 26. f5 Rad8 27. Rd3 Rxd3 28. Qxd3 Rd8 29. Qe2 Rd4 30. f6 Qd7 31. fxg7+ Qxg7 32. Rf1 Rd6 33. Ne3 Nd4 34. Qh5 Rg6 35. g4 Ne2 36. Qf5 Nf4+ 37. Kg3 Rf6 38. Qc8+ Rf8 39. Qxb7 Ne2+ 40. Kg2 Nf4+ 41. Kg3 Ne2+ 42. Kg2 Nf4+ 43. Kg3 1/2-1/2

[Event "San Cristobal de La Laguna op-A 6th"]
[Site "San Cristobal de La Laguna"]
[Date "2024.08.25"]
[Round "3"]
[White "Planas Torrea, Francisco Javier"]
[Black "Garcia Blanco, Omar"]
[Result "0-1"]
[WhiteElo "1965"]
[BlackElo "2361"]
[PlyCount "44"]
[EventDate "2024.08.24"]
[EventType "swiss"]
[EventRounds "9"]
[EventCountry "ESP"]
[SourceTitle "CBM 221 Extra"]
[Source "ChessBase"]
[SourceDate "2024.09.30"]
[SourceVersion "1"]
[SourceVersionDate "2024.09.30"]
[SourceQuality "1"]

1. e4 e6 2. d4 d5 3. exd5 exd5 4. Bd3 Nc6 5. c3 Bd6 6. Qf3 Nce7 7. Bf4 Nf6 8. Bxd6 Qxd6 9. h3 Qb6 10. Qe2 0-0 11. Qc2 Ne4 12. Ne2 Bf5 13. Nd2 Rfe8 14. Nf3 Qf6 15. Neg1 Ng6 16. 0-0-0 Nf4 17. Ne5 Qg5 18. Kb1 Nxd3 19. Nxd3 Qxg2 20. Ne2 Nxf2 21. Rhg1 Qxg1 22. Nxg1 Bxd3 0-1

[Event "La Palma Island op"]
[Site "Santa Cruz de La Palma"]
[Date "2024.08.04"]
[Round "3"]
[White "Garcia Blanco, Omar"]
[Black "Henriquez Villagra, Cristobal"]
[Result "0-1"]
[WhiteElo "2361"]
[BlackElo "2603"]
[PlyCount "206"]
[EventDate "2024.08.02"]
[EventType "swiss"]
[EventRounds "10"]
[EventCountry "ESP"]
[SourceTitle "CBM 221 Extra"]
[Source "ChessBase"]
[SourceDate "2024.09.30"]
[SourceVersion "1"]
[SourceVersionDate "2024.09.30"]
[SourceQuality "1"]

1. e4 d6 2. d4 Nf6 3. Nc3 g6 4. f4 Bg7 5. Bd3 0-0 6. Nf3 Nc6 7. e5 dxe5 8. fxe5 Nh5 9. Be3 f6 10. exf6 Nxf6 11. h3 Nd5 12. Nxd5 Qxd5 13. Qe2 Be6 14. c3 Qd6 15. 0-0 Bd5 16. Ng5 e5 17. c4 e4 18. Nxe4 Bxe4 19. Bxe4 Nxd4 20. Qd3 c6 21. Rad1 Rxf1+ 22. Rxf1 Qe5 23. Bxd4 Qxd4+ 24. Qxd4 Bxd4+ 25. Kh1 Re8 26. Bf3 Bxb2 27. Rb1 Be5 28. Rxb7 Bg3 29. Rb1 c5 30. Kg1 h5 31. Kf1 Re3 32. Be2 Rc3 33. Bd1 h4 34. Ke2 Ra3 35. Bb3 Be5 36. Kd2 Kf7 37. Rf1+ Ke7 38. Kc2 Ra6 39. Re1 Kf6 40. Rf1+ Ke7 41. Re1 Ke6 42. Kb1 Rb6 43. Kc1 Rb4 44. Re4 g5 45. Bc2 Kf6 46. Bd3 a5 47. Re2 a4 48. Kd1 a3 49. Rf2+ Bf4 50. Re2 Rb8 51. Kc2 Rb4 52. Kd1 Be5 53. Rf2+ Ke6 54. Re2 Kd6 55. Kc2 Rb8 56. Kd1 Ke6 57. Be4 Bd4 58. Bc2+ Kf6 59. Bd3 Rb4 60. Kc2 g4 61. hxg4 Kg5 62. Kd1 Kxg4 63. Rc2 Kf4 64. Bg6 Rb6 65. Bf7 Be3 66. Bd5 Rb1+ 67. Ke2 Bd4 68. Rd2 Ra1 69. Kd3 Bb2 70. Kc2 Rc1+ 71. Kb3 Ke3 72. Rc2 Rb1 73. Ka4 Bd4 74. Bf7 Rb7 75. Bg6 Bb2 76. Ka5 Rb8 77. Bf5 Rb7 78. Bg6 Rb4 79. Bf7 Kd3 80. Bg6+ Kd4 81. Bf7 Bc3 82. Ka6 Rb2 83. Bg6 Kxc4 84. Rc1 Rxg2 85. Bf7+ Kb4 86. Rh1 Rg4 87. Rb1+ Bb2 88. Rd1 Rf4 89. Rd7 c4 90. Rb7+ Kc3 91. Kb5 h3 92. Rc7 h2 93. Bxc4 Rf5+ 94. Ka4 Kd4 95. Rh7 Kxc4 96. Rxh2 Rf3 97. Rh7 Kc3 98. Rc7+ Kd2 99. Rc6 Rc3 100. Rh6 Kc2 101. Rh1 Rd3 102. Rg1 Rd4+ 103. Kb5 Rd1 0-1

[Event "Adeje Arona op"]
[Site "Adeje"]
[Date "2024.06.27"]
[Round "7"]
[White "Cruz Pino, Adrian"]
[Black "Garcia Blanco, Omar"]
[Result "0-1"]
[WhiteElo "2047"]
[BlackElo "2365"]
[PlyCount "58"]
[EventDate "2024.06.22"]
[EventType "swiss"]
[EventRounds "10"]
[EventCountry "ESP"]
[SourceTitle "CBM 220 Extra"]
[Source "ChessBase"]
[SourceDate "2024.07.31"]
[SourceVersion "1"]
[SourceVersionDate "2024.07.31"]
[SourceQuality "1"]

1. d4 Nf6 2. g3 g6 3. Bg2 d5 4. Nf3 Bg7 5. 0-0 0-0 6. c3 Bf5 7. Nbd2 c5 8. e3 Nbd7 9. Re1 Re8 10. b3 Ne4 11. Nxe4 Bxe4 12. Bb2 h6 13. Bf1 g5 14. Nd2 Bg6 15. Bg2 e6 16. a4 Rc8 17. Ra2 Nb8 18. Qa1 cxd4 19. exd4 Nc6 20. Nf3 Na5 21. Qd1 Qb6 22. Nd2 e5 23. b4 Nc6 24. b5 exd4 25. bxc6 dxc3 26. cxb7 Qxb7 27. Rxe8+ Rxe8 28. Ba1 c2 29. Qc1 Qb1 0-1

[Event "Titled Tuesday intern op 11th Jun Late"]
[Site "Chess.com INT"]
[Date "2024.06.11"]
[Round "6"]
[White "Garcia Blanco, Omar"]
[Black "Pein, Malcolm"]
[Result "1/2-1/2"]
[WhiteElo "2365"]
[BlackElo "2274"]
[PlyCount "56"]
[EventDate "2024.06.11"]
[EventType "swiss (blitz)"]
[EventRounds "11"]
[EventCountry "USA"]
[SourceTitle "EXT 2025"]
[Source "ChessBase"]
[SourceDate "2024.10.14"]
[SourceVersion "1"]
[SourceVersionDate "2024.10.14"]
[SourceQuality "1"]

1. e4 c5 2. c3 d5 3. exd5 Nf6 4. d4 cxd4 5. cxd4 Nxd5 6. Nc3 Nc6 7. Nf3 e6 8. Bd3 Be7 9. 0-0 0-0 10. Re1 Bf6 11. Be3 h6 12. Rc1 Nce7 13. Bb1 Bd7 14. Qd3 Nf5 15. Nxd5 exd5 16. g4 Re8 17. gxf5 Re4 18. Qd1 Bxf5 19. Bxe4 dxe4 20. Ne5 Bxe5 21. dxe5 Qh4 22. Rc3 Bg4 23. f3 Bxf3 24. Qd2 Qg4+ 25. Kf1 Qh3+ 26. Kg1 Qg4+ 27. Kf1 Qh3+ 28. Kg1 Qg4+ 1/2-1/2

[Event "Vecindario Montalvo Memorial 16th"]
[Site "Vecindario"]
[Date "2024.03.30"]
[Round "8"]
[White "Yankelevich, Lev"]
[Black "Garcia Blanco, Omar"]
[Result "1/2-1/2"]
[WhiteElo "2412"]
[BlackElo "2377"]
[PlyCount "80"]
[EventDate "2024.03.23"]
[EventType "swiss"]
[EventRounds "9"]
[EventCountry "ESP"]
[SourceTitle "CBM 219 Extra"]
[Source "ChessBase"]
[SourceDate "2024.05.31"]
[SourceVersion "1"]
[SourceVersionDate "2024.05.31"]
[SourceQuality "1"]

1. d4 Nf6 2. Nf3 g6 3. c4 Bg7 4. Nc3 d5 5. cxd5 Nxd5 6. e4 Nxc3 7. bxc3 c5 8. Bb5+ Nc6 9. 0-0 0-0 10. d5 Na5 11. Be3 Qc7 12. Rc1 a6 13. Be2 b5 14. c4 b4 15. Ne1 f5 16. Nd3 Nb7 17. Bf4 Qa5 18. e5 Qxa2 19. h4 Qa5 20. h5 Qb6 21. hxg6 hxg6 22. e6 a5 23. Ne5 a4 24. Nxg6 Qd8 25. d6 Nxd6 26. Nxe7+ Qxe7 27. Bxd6 Qxe6 28. Bf3 Rd8 29. Bd5 Ra6 30. Re1 Rdxd6 31. Qh5 Kf8 32. Rxe6 Bxe6 33. Re1 a3 34. Bxe6 Rxe6 35. Qxf5+ Ke7 36. Qxc5+ Kf7 37. Qc7+ Kg6 38. Qg3+ Kf7 39. Qc7+ Kg6 40. Qg3+ Kf7 1/2-1/2